Gangster squad (Record no. 282143)
[ view plain ]
| 000 -LEADER | |
|---|---|
| fixed length control field | 04119cgm a2200793Ia 4500 |
| 001 - CONTROL NUMBER | |
| control field | ocn830468507 |
| 003 - CONTROL NUMBER IDENTIFIER | |
| control field | OCoLC |
| 005 - DATE AND TIME OF LATEST TRANSACTION | |
| control field | 20200320191720.0 |
| 007 - PHYSICAL DESCRIPTION FIXED FIELD--GENERAL INFORMATION | |
| fixed length control field | vd cvaizq |
| 008 - FIXED-LENGTH DATA ELEMENTS--GENERAL INFORMATION | |
| fixed length control field | 130319s2013 cau113 vleng d |
| 020 ## - INTERNATIONAL STANDARD BOOK NUMBER | |
| Terms of availability | 15.95 |
| 024 1# - OTHER STANDARD IDENTIFIER | |
| Standard number or code | 883929241576 |
| 024 1# - OTHER STANDARD IDENTIFIER | |
| Standard number or code | 883929279463 |
| 028 42 - PUBLISHER NUMBER | |
| Publisher number | 3000049217 |
| Source | Warner Bros. |
| 035 ## - SYSTEM CONTROL NUMBER | |
| System control number | (OCoLC)830468507 |
| 040 ## - CATALOGING SOURCE | |
| Original cataloging agency | TEFMT |
| Transcribing agency | TEFMT |
| Modifying agency | TEF |
| -- | TEFMT |
| -- | BDX |
| -- | OCLCO |
| -- | MR0 |
| -- | LF3 |
| -- | WIQ |
| -- | TEF |
| -- | IUL |
| -- | IBI |
| -- | OCLCA |
| -- | WACOL |
| 041 1# - LANGUAGE CODE | |
| Language code of text/sound track or separate title | eng |
| -- | fre |
| -- | spa |
| -- | spa |
| -- | fre |
| -- | eng |
| Language code of original and/or intermediate translations of text | eng |
| 043 ## - GEOGRAPHIC AREA CODE | |
| Geographic area code | n-us-ca |
| 049 ## - LOCAL HOLDINGS (OCLC) | |
| Holding library | WACL |
| 050 #4 - LIBRARY OF CONGRESS CALL NUMBER | |
| Classification number | PN1997.2 |
| Item number | .G36 2013 |
| 082 04 - DEWEY DECIMAL CLASSIFICATION NUMBER | |
| Classification number | 791.43/72 |
| Edition number | 23 |
| 092 ## - LOCALLY ASSIGNED DEWEY CALL NUMBER (OCLC) | |
| Classification number | DVD |
| Item number | Gan |
| 245 00 - TITLE STATEMENT | |
| Title | Gangster squad |
| Medium | [videorecording] / |
| Statement of responsibility, etc | Warner Bros. Pictures presents, in association with Village Roadshow Pictures, a Lin Pictures/Kevin McCormick production ; written by Will Beall ; produced by Dan Lin, Kevin McCormick, Michael Tadross ; directed by Reuben Fleischer. |
| 260 ## - PUBLICATION, DISTRIBUTION, ETC. (IMPRINT) | |
| Place of publication, distribution, etc | Burbank, CA : |
| Name of publisher, distributor, etc | Warner Home Video, |
| Date of publication, distribution, etc | [2013] |
| 300 ## - PHYSICAL DESCRIPTION | |
| Extent | 1 videodisc (113 min.) : |
| Other physical details | sd., col. ; |
| Dimensions | 4 3/4 in. |
| 538 ## - SYSTEM DETAILS NOTE | |
| System details note | DVD; region 1, enhanced for widescreen TVs, Dolby Digital 5.1 surround, dual layer. |
| 546 ## - LANGUAGE NOTE | |
| Language note | English, dubbed French or dubbed Spanish, with optional subtitles in English, Spanish or French; English subtitles for the deaf and hard of hearing (bonus materials may not be subtitled). |
| 511 1# - PARTICIPANT OR PERFORMER NOTE | |
| Participant or performer note | Nick Nolte, Sean Penn, Giovanni Ribisi, Robert Patrick, Josh Brolin, Ryan Gosling, Michael Pena, Emma Stone, Anthony Mackie, Mireille Enos. |
| 508 ## - CREATION/PRODUCTION CREDITS NOTE | |
| Creation/production credits note | Music, Steve Jablonsky ; editors, Alan Baumgarten, James Herbert ; director of photography, Dion Beebe. |
| 500 ## - GENERAL NOTE | |
| General note | Based on the book by Paul Lieberman. |
| 500 ## - GENERAL NOTE | |
| General note | DVD release of the 2013 motion picture. |
| 521 8# - TARGET AUDIENCE NOTE | |
| Target audience note | MPAA rating: R; for strong violence and language. |
| -- | CHV rating: 14A. |
| 520 ## - SUMMARY, ETC. | |
| Summary, etc | Los Angeles, 1949. Ruthless mob king Mickey Cohen runs the show in this town, reaping the ill-gotten gains from the drugs, guns, and if he has his way, every wire bet placed west of Chicago. And he does it all with the protection of not only his own paid goons, but also the police and the politicians who are under his control. It's enough to intimidate even the bravest, street-hardened cop, except for the small, secret crew of LAPD outsiders who come together to try and tear Cohen's world apart. |
| 500 ## - GENERAL NOTE | |
| General note | Special feature: Tough guys with style. |
| 600 10 - SUBJECT ADDED ENTRY--PERSONAL NAME | |
| Personal name | Lieberman, Paul, |
| Dates associated with a name | 1949- |
| Form subdivision | Film adaptations. |
| 9 (RLIN) | 5883660 |
| 650 #0 - SUBJECT ADDED ENTRY--TOPICAL TERM | |
| Topical term or geographic name as entry element | Gangsters |
| Geographic subdivision | California |
| -- | Los Angeles |
| Form subdivision | Drama. |
| 9 (RLIN) | 5883661 |
| 650 #0 - SUBJECT ADDED ENTRY--TOPICAL TERM | |
| Topical term or geographic name as entry element | Police |
| Geographic subdivision | California |
| -- | Los Angeles |
| Form subdivision | Drama. |
| 9 (RLIN) | 5734821 |
| 650 #7 - SUBJECT ADDED ENTRY--TOPICAL TERM | |
| Topical term or geographic name as entry element | Pandillas |
| Geographic subdivision | California |
| -- | Los Angeles |
| Form subdivision | Teatro. |
| Source of heading or term | bidex |
| 9 (RLIN) | 5883662 |
| 650 #7 - SUBJECT ADDED ENTRY--TOPICAL TERM | |
| Topical term or geographic name as entry element | Policía |
| Geographic subdivision | California |
| -- | Los Angeles |
| Form subdivision | Teatro. |
| Source of heading or term | bidex |
| 9 (RLIN) | 5741445 |
| 655 #7 - INDEX TERM--GENRE/FORM | |
| Genre/form data or focus term | Feature films. |
| Source of term | lcgft |
| 9 (RLIN) | 5883663 |
| 655 #7 - INDEX TERM--GENRE/FORM | |
| Genre/form data or focus term | Crime films. |
| Source of term | lcgft |
| 9 (RLIN) | 5697955 |
| 655 #7 - INDEX TERM--GENRE/FORM | |
| Genre/form data or focus term | Video recordings for the hearing impaired. |
| Source of term | lcgft |
| 9 (RLIN) | 5883664 |
| 655 #7 - INDEX TERM--GENRE/FORM | |
| Genre/form data or focus term | Feature films. |
| Source of term | gsafd |
| 9 (RLIN) | 5883663 |
| 700 1# - ADDED ENTRY--PERSONAL NAME | |
| Personal name | Fleischer, Ruben. |
| 9 (RLIN) | 5811908 |
| 700 1# - ADDED ENTRY--PERSONAL NAME | |
| Personal name | Lin, Dan |
| Titles and other words associated with a name | (Film producer) |
| 9 (RLIN) | 5883665 |
| 700 1# - ADDED ENTRY--PERSONAL NAME | |
| Personal name | McCormick, Kevin. |
| 9 (RLIN) | 5795070 |
| 700 1# - ADDED ENTRY--PERSONAL NAME | |
| Personal name | Tadross, Michael. |
| 9 (RLIN) | 5727243 |
| 700 1# - ADDED ENTRY--PERSONAL NAME | |
| Personal name | Beall, Will. |
| 9 (RLIN) | 55715 |
| 700 1# - ADDED ENTRY--PERSONAL NAME | |
| Personal name | Nolte, Nick. |
| 9 (RLIN) | 61201 |
| 700 1# - ADDED ENTRY--PERSONAL NAME | |
| Personal name | Penn, Sean, |
| Dates associated with a name | 1960- |
| 9 (RLIN) | 30615 |
| 700 1# - ADDED ENTRY--PERSONAL NAME | |
| Personal name | Ribisi, Giovanni, |
| Dates associated with a name | 1974- |
| 9 (RLIN) | 68125 |
| 700 1# - ADDED ENTRY--PERSONAL NAME | |
| Personal name | Patrick, Robert, |
| Dates associated with a name | 1958- |
| 9 (RLIN) | 63807 |
| 700 1# - ADDED ENTRY--PERSONAL NAME | |
| Personal name | Brolin, Josh. |
| 9 (RLIN) | 23915 |
| 700 1# - ADDED ENTRY--PERSONAL NAME | |
| Personal name | Gosling, Ryan, |
| Dates associated with a name | 1980- |
| 9 (RLIN) | 69446 |
| 700 1# - ADDED ENTRY--PERSONAL NAME | |
| Personal name | Peña, Michael, |
| Dates associated with a name | 1976- |
| 9 (RLIN) | 55929 |
| 700 1# - ADDED ENTRY--PERSONAL NAME | |
| Personal name | Stone, Emma, |
| Dates associated with a name | 1988- |
| 9 (RLIN) | 5811910 |
| 700 1# - ADDED ENTRY--PERSONAL NAME | |
| Personal name | Mackie, Anthony, |
| Dates associated with a name | 1979- |
| 9 (RLIN) | 71993 |
| 700 1# - ADDED ENTRY--PERSONAL NAME | |
| Personal name | Enos, Mireille, |
| Dates associated with a name | 1975- |
| 9 (RLIN) | 5800538 |
| 700 1# - ADDED ENTRY--PERSONAL NAME | |
| Personal name | Jablonsky, Steve. |
| 9 (RLIN) | 72525 |
| 700 1# - ADDED ENTRY--PERSONAL NAME | |
| Personal name | Lieberman, Paul, |
| Dates associated with a name | 1949- |
| Title of a work | Gangster squad. |
| 9 (RLIN) | 5883666 |
| 710 2# - ADDED ENTRY--CORPORATE NAME | |
| Corporate name or jurisdiction name as entry element | Warner Bros. Pictures (1969- ) |
| 9 (RLIN) | 68691 |
| 710 2# - ADDED ENTRY--CORPORATE NAME | |
| Corporate name or jurisdiction name as entry element | Village Roadshow Pictures. |
| 9 (RLIN) | 64462 |
| 710 2# - ADDED ENTRY--CORPORATE NAME | |
| Corporate name or jurisdiction name as entry element | Warner Home Video (Firm) |
| 9 (RLIN) | 61103 |
| 938 ## - | |
| -- | Brodart |
| -- | BROD |
| -- | 104129263 |
| 942 ## - ADDED ENTRY ELEMENTS (KOHA) | |
| Koha item type | DVD |
| 948 ## - LOCAL PROCESSING INFORMATION (OCLC); SERIES PART DESIGNATOR (RLIN) | |
| Series part designator, SPT (RLIN) | 11/13/2013 |
| z (OCLC) | Sirsi |
| 994 ## - | |
| -- | 02 |
| -- | WACOL |
| 996 ## - | |
| -- | 104738 |
| -- | 34301001258583 |
| -- | DVD |
| -- | DVD |
| -- | wcl |
| -- | i |
| -- | 30 |
| -- | 15.95 |
| -- | amazon |
| -- | Gan |
| -- | 11/13/2013 |
| -- | 11/05/2019 |
| -- | 10/31/2019 |
| Withdrawn status | Lost status | Source of classification or shelving scheme | Damaged status | Not for loan | Collection code | Home library | Current library | Shelving location | Date acquired | Source of acquisition | Cost, normal purchase price | Total Checkouts | Total Renewals | Full call number | Barcode | Date last seen | Date checked out | Cost, replacement price | Price effective from | Koha item type |
|---|---|---|---|---|---|---|---|---|---|---|---|---|---|---|---|---|---|---|---|---|
| Dewey Decimal Classification | Movies | Wasatch County Library | Wasatch County Library | Audio Visual Area | 11/13/2013 | Amazon | 15.95 | 34 | 4 | DVD Gan | 34301001258583 | 03/22/2024 | 03/16/2024 | 15.95 | 03/20/2020 | DVD |
